000 00787nam a2200253 i 4500
001 13463
003 ES-MaACL
005 20230906150603.0
007 t|
008 980414s1997 sp ||||1| spa d
020 _a84-7785-2200
080 _a821.111-14"19"
100 1 _aWhite, Kenneth.
_9116669
245 1 0 _aAtlántica
_b: movimientos y meditaciones /
_cKenneth White ; versión de Alvaro García.
260 _aMálaga :
_bCentro Cultural Generación del 27,
_c1997.
300 _a250 p. ;
_c22 cm.
490 1 _aIbn Gabirol ;
_v3/4
500 _aRetrato del autor.
700 1 _aGarcía, Alvaro.
_953995
710 2 _aCentro Cultural Generación del 27.
_92582
830 0 _aIbn Gabirol ;
_v3/4
_9179479
852 _aES-MaACL
_jL-20790
_bR.126403
999 _c13463
_d13463